Παγκόσμια γεωγραφία : μια interactive εφαρμογή για τον μαθητή, το νέο, για όλη την οικογένεια

Ενημερωθείτε για στατιστικά και οικονομικά στοιχεία, ιστορικές και πολιτισμικές πληροφορίες, για όλες τις χώρες, τις πρωτεύουσές τους, αλλά και τις κυριότερες πόλεις αυτών. Συμπληρώστε δεκάδες διασκεδαστικά πάζλ, σχηματίζοντας πανέμορφες εικόνες από δεκάδες χώρες. Μάθετε για τους μεγάλους ποταμούς,...

Full description

Saved in:
Bibliographic Details
Corporate Author: Conceptum (Firm)
Format: Electronic
Language:Greek
Published: Αθήνα : Δαμιανάκης, 2002.
Edition:Αναθ. έκδ.
Subjects:
Tags: Add Tag
No Tags, Be the first to tag this record!

MARC

LEADER 00000cmm a2200000 i 4500
001 1/85801
008 050920s2002 gr gre d
020 |a 960-7772-14-8 
035 |l 10080367 
040 |a GR-MY-UA  |b gre  |e aacr 
041 0 |a gre 
082 0 |a 910  |2 (22η εκδ.) 
245 1 0 |a Παγκόσμια γεωγραφία :   |h [αρχείο Η/Υ] :   |b μια interactive εφαρμογή για τον μαθητή, το νέο, για όλη την οικογένεια /   |c Conceptum.  
250 |a Αναθ. έκδ.  
260 |a Αθήνα :   |b Δαμιανάκης,   |c 2002.  
300 |a 1 οπτική δισκέτα λέϊζερ Η/Υ;  |b έγχρ.;  |c 4 3/4 ιν. 
500 |a Περιέχει 3D γυαλιά 
500 |a Περιέχεται σε χάρτινο κουτί (24 εκ.) 
520 |a Ενημερωθείτε για στατιστικά και οικονομικά στοιχεία, ιστορικές και πολιτισμικές πληροφορίες, για όλες τις χώρες, τις πρωτεύουσές τους, αλλά και τις κυριότερες πόλεις αυτών. Συμπληρώστε δεκάδες διασκεδαστικά πάζλ, σχηματίζοντας πανέμορφες εικόνες από δεκάδες χώρες. Μάθετε για τους μεγάλους ποταμούς, τα βουνά, τους ωκεανούς και τις θάλασσες της γης. Ανακαλύψτε τον κύκλο του νερού, του στοιχείου που αποτελεί τα 2/3 της επιφάνειας της γης 
538 |a Ελάχιστα χαρακτηριστικά: Pentium 133MHz; 16 MB RAM; Windows 95 ή Windows 98; κάρτα ήχου; CD-ROM 8x; SVGA με χιλιάδες χρώματα; ανάλυση οθόνης 640x480 
650 0 0 |a Geography  |x Study and teaching. 
710 2 |a Conceptum (Firm) 
852 |a INST  |b LESVOS  |c AV  |e 20050920  |h 910 ΠΑΓ  |p 005100036909  |q 005100036909  |t CDROM  |y 23 
901 |a BIBL1-2007-2 
909 |a Λ  |b 132207 
920 |a ΔΙΕΥΡΥΝΣΗ  |b ΕΠΕΑΕΚ-ΤΠΤΕ  |y ΛΕΣΒΟΣ  |z 2005-08 
970 |a ΚΑΡΑ  |b ΓΙΑΣΕΜΗ  |z 2007/02/21